00961nam a22002537a 4500003000500000005001700005008004100022010001000063011001000073035001000083040000900093082001900102111017300121245010400294260003400398300001000432490002300442650004400465650003400509650003500543650004500578710006100623830002300684CHAP20220329141611.0971013s1992 cl r 10010 spa d a70817 a71789 a81343 cCHAP a338.18bM5 v.300aMesa Redonda sobre Diseño e Instrumentación de la Nueva Política Agrícola en América Latina y el Caribe Bases Metodológicas (d1991c: Asunción, Paraguay)1 aPapel del estado y modalidades de intervención, concertación, participación y desregulación aSantiago, Chile :bFAO,c1992 a73 p. 0aRLAC/92/17 PLAN-1914aAgricultura y EstadoxAmérica Latina.14aAgricultura y EstadoxCaribe.14aPolítica agrícolaxCaribe.14aPolítica agrícolazAmérica Latina.0 aFAO. Oficina Regional para América Latina y el Caribe. 0aRLAC/92/17 PLAN-19